00238nam a2200085Ia 4500008004100000082001500041100002000056245004000076260003600116220204s9999 xx 000 0 und d a51:62bMOO aMoore, Claude S 0aApplied mathematics for technicians aNew JerseybPrentice Hallc1975